Szybka matematyka - odejmowanie - Statystyki

Ogólne statystyki
  • Ten quiz został rozwiązany 2 530 razy
  • Średni wynik to 19 z 20
Statystyki odpowiedzi
Działanie Wynik % Poprawnych
4 - 3 1
100%
5 - 4 1
100%
6 - 5 1
100%
8 - 7 1
100%
9 - 8 1
100%
13 - 12 1
100%
18 - 17 1
100%
28 - 27 1
100%
30 - 29 1
100%
42 - 41 1
100%
45 - 44 1
100%
48 - 47 1
100%
49 - 48 1
100%
54 - 53 1
100%
59 - 58 1
100%
67 - 66 1
100%
73 - 72 1
100%
79 - 78 1
100%
83 - 82 1
100%
91 - 90 1
100%
94 - 93 1
100%
99 - 98 1
100%
19 - 9 10
100%
25 - 15 10
100%
36 - 26 10
100%
37 - 27 10
100%
41 - 31 10
100%
48 - 38 10
100%
50 - 40 10
100%
57 - 47 10
100%
93 - 83 10
100%
16 - 5 11
100%
19 - 8 11
100%
22 - 11 11
100%
30 - 19 11
100%
33 - 22 11
100%
40 - 29 11
100%
42 - 31 11
100%
53 - 42 11
100%
55 - 44 11
100%
56 - 45 11
100%
59 - 48 11
100%
77 - 66 11
100%
79 - 68 11
100%
81 - 70 11
100%
82 - 71 11
100%
29 - 17 12
100%
34 - 22 12
100%
35 - 23 12
100%
38 - 26 12
100%
40 - 28 12
100%
41 - 29 12
100%
43 - 31 12
100%
48 - 36 12
100%
50 - 38 12
100%
65 - 53 12
100%
67 - 55 12
100%
71 - 59 12
100%
83 - 71 12
100%
84 - 72 12
100%
88 - 76 12
100%
90 - 78 12
100%
98 - 86 12
100%
23 - 10 13
100%
41 - 28 13
100%
47 - 34 13
100%
58 - 45 13
100%
65 - 52 13
100%
88 - 75 13
100%
89 - 76 13
100%
19 - 5 14
100%
21 - 7 14
100%
24 - 10 14
100%
26 - 12 14
100%
32 - 18 14
100%
37 - 23 14
100%
48 - 34 14
100%
66 - 52 14
100%
89 - 75 14
100%
17 - 2 15
100%
20 - 5 15
100%
22 - 7 15
100%
23 - 8 15
100%
27 - 12 15
100%
28 - 13 15
100%
45 - 30 15
100%
53 - 38 15
100%
60 - 45 15
100%
87 - 72 15
100%
99 - 84 15
100%
21 - 5 16
100%
22 - 6 16
100%
29 - 13 16
100%
73 - 57 16
100%
74 - 58 16
100%
82 - 66 16
100%
86 - 70 16
100%
31 - 14 17
100%
40 - 23 17
100%
47 - 30 17
100%
68 - 51 17
100%
76 - 59 17
100%
78 - 61 17
100%
85 - 68 17
100%
90 - 73 17
100%
19 - 1 18
100%
20 - 2 18
100%
21 - 3 18
100%
27 - 9 18
100%
28 - 10 18
100%
36 - 18 18
100%
37 - 19 18
100%
39 - 21 18
100%
41 - 23 18
100%
48 - 30 18
100%
52 - 34 18
100%
64 - 46 18
100%
66 - 48 18
100%
69 - 51 18
100%
75 - 57 18
100%
22 - 3 19
100%
26 - 7 19
100%
34 - 15 19
100%
45 - 26 19
100%
65 - 46 19
100%
77 - 58 19
100%
3 - 1 2
100%
4 - 2 2
100%
5 - 3 2
100%
6 - 4 2
100%
7 - 5 2
100%
9 - 7 2
100%
10 - 8 2
100%
11 - 9 2
100%
13 - 11 2
100%
14 - 12 2
100%
15 - 13 2
100%
21 - 19 2
100%
22 - 20 2
100%
24 - 22 2
100%
25 - 23 2
100%
32 - 30 2
100%
46 - 44 2
100%
47 - 45 2
100%
56 - 54 2
100%
63 - 61 2
100%
96 - 94 2
100%
30 - 10 20
100%
31 - 11 20
100%
33 - 13 20
100%
38 - 18 20
100%
45 - 25 20
100%
64 - 44 20
100%
68 - 48 20
100%
75 - 55 20
100%
82 - 62 20
100%
84 - 64 20
100%
91 - 71 20
100%
92 - 72 20
100%
99 - 79 20
100%
39 - 18 21
100%
45 - 24 21
100%
48 - 27 21
100%
53 - 32 21
100%
55 - 34 21
100%
57 - 36 21
100%
25 - 3 22
100%
29 - 7 22
100%
37 - 15 22
100%
41 - 19 22
100%
45 - 23 22
100%
54 - 32 22
100%
66 - 44 22
100%
68 - 46 22
100%
78 - 56 22
100%
80 - 58 22
100%
81 - 59 22
100%
83 - 61 22
100%
26 - 3 23
100%
27 - 4 23
100%
37 - 14 23
100%
39 - 16 23
100%
67 - 44 23
100%
37 - 13 24
100%
65 - 41 24
100%
70 - 46 24
100%
75 - 51 24
100%
90 - 66 24
100%
29 - 4 25
100%
38 - 13 25
100%
41 - 15 26
100%
47 - 21 26
100%
57 - 31 26
100%
69 - 43 26
100%
100 - 74 26
100%
28 - 1 27
100%
78 - 51 27
100%
79 - 52 27
100%
81 - 54 27
100%
29 - 1 28
100%
32 - 4 28
100%
33 - 5 28
100%
34 - 6 28
100%
36 - 8 28
100%
86 - 58 28
100%
33 - 4 29
100%
35 - 6 29
100%
38 - 9 29
100%
46 - 17 29
100%
55 - 26 29
100%
60 - 31 29
100%
61 - 32 29
100%
64 - 35 29
100%
17 - 14 3
100%
33 - 30 3
100%
45 - 42 3
100%
57 - 54 3
100%
58 - 55 3
100%
62 - 59 3
100%
67 - 64 3
100%
70 - 67 3
100%
74 - 71 3
100%
78 - 75 3
100%
82 - 79 3
100%
97 - 94 3
100%
99 - 96 3
100%
31 - 1 30
100%
32 - 2 30
100%
36 - 6 30
100%
39 - 9 30
100%
45 - 15 30
100%
87 - 57 30
100%
92 - 62 30
100%
99 - 69 30
100%
39 - 8 31
100%
40 - 9 31
100%
90 - 59 31
100%
93 - 62 31
100%
100 - 69 31
100%
66 - 34 32
100%
76 - 44 32
100%
79 - 47 32
100%
99 - 67 32
100%
100 - 68 32
100%
35 - 2 33
100%
37 - 4 33
100%
45 - 12 33
100%
55 - 22 33
100%
59 - 26 33
100%
70 - 37 33
100%
75 - 42 33
100%
81 - 48 33
100%
88 - 55 33
100%
97 - 64 33
100%
36 - 2 34
100%
39 - 5 34
100%
41 - 7 34
100%
45 - 11 34
100%
47 - 13 34
100%
46 - 11 35
100%
47 - 12 35
100%
49 - 14 35
100%
54 - 19 35
100%
96 - 61 35
100%
98 - 63 35
100%
40 - 4 36
100%
44 - 8 36
100%
46 - 10 36
100%
57 - 21 36
100%
80 - 44 36
100%
39 - 2 37
100%
41 - 4 37
100%
49 - 12 37
100%
60 - 23 37
100%
66 - 29 37
100%
69 - 32 37
100%
84 - 47 37
100%
93 - 56 37
100%
45 - 7 38
100%
46 - 8 38
100%
48 - 10 38
100%
49 - 11 38
100%
55 - 17 38
100%
68 - 30 38
100%
43 - 4 39
100%
45 - 6 39
100%
53 - 14 39
100%
5 - 1 4
100%
6 - 2 4
100%
25 - 21 4
100%
28 - 24 4
100%
33 - 29 4
100%
68 - 64 4
100%
70 - 66 4
100%
77 - 73 4
100%
81 - 77 4
100%
83 - 79 4
100%
98 - 94 4
100%
100 - 96 4
100%
65 - 25 40
100%
71 - 31 40
100%
98 - 58 40
100%
46 - 5 41
100%
47 - 6 41
100%
49 - 8 41
100%
50 - 9 41
100%
53 - 12 41
100%
69 - 28 41
100%
85 - 44 41
100%
56 - 14 42
100%
62 - 20 42
100%
72 - 30 42
100%
75 - 33 42
100%
80 - 38 42
100%
48 - 5 43
100%
55 - 12 43
100%
59 - 16 43
100%
64 - 21 43
100%
93 - 50 43
100%
46 - 2 44
100%
47 - 3 44
100%
51 - 7 44
100%
54 - 10 44
100%
68 - 24 44
100%
74 - 30 44
100%
99 - 55 44
100%
51 - 6 45
100%
52 - 7 45
100%
65 - 20 45
100%
69 - 24 45
100%
71 - 26 45
100%
89 - 44 45
100%
94 - 49 45
100%
96 - 51 45
100%
51 - 5 46
100%
62 - 16 46
100%
78 - 32 46
100%
80 - 34 46
100%
100 - 54 46
100%
56 - 9 47
100%
60 - 13 47
100%
87 - 40 47
100%
52 - 4 48
100%
74 - 26 48
100%
90 - 42 48
100%
55 - 6 49
100%
60 - 11 49
100%
73 - 24 49
100%
7 - 2 5
100%
9 - 4 5
100%
11 - 6 5
100%
12 - 7 5
100%
13 - 8 5
100%
14 - 9 5
100%
16 - 11 5
100%
18 - 13 5
100%
21 - 16 5
100%
22 - 17 5
100%
23 - 18 5
100%
35 - 30 5
100%
36 - 31 5
100%
38 - 33 5
100%
40 - 35 5
100%
46 - 41 5
100%
49 - 44 5
100%
70 - 65 5
100%
75 - 70 5
100%
84 - 79 5
100%
85 - 80 5
100%
54 - 4 50
100%
56 - 6 50
100%
67 - 17 50
100%
74 - 24 50
100%
79 - 29 50
100%
80 - 30 50
100%
87 - 37 50
100%
88 - 38 50
100%
94 - 44 50
100%
97 - 47 50
100%
71 - 20 51
100%
75 - 24 51
100%
91 - 40 51
100%
95 - 44 51
100%
74 - 22 52
100%
86 - 34 52
100%
59 - 6 53
100%
61 - 8 53
100%
66 - 13 53
100%
68 - 15 53
100%
69 - 16 53
100%
77 - 24 53
100%
84 - 31 53
100%
64 - 10 54
100%
67 - 13 54
100%
60 - 5 55
100%
63 - 8 55
100%
81 - 26 55
100%
85 - 30 55
100%
57 - 1 56
100%
67 - 11 56
100%
80 - 24 56
100%
90 - 34 56
100%
97 - 41 56
100%
62 - 5 57
100%
65 - 8 57
100%
71 - 14 57
100%
73 - 16 57
100%
59 - 1 58
100%
63 - 5 58
100%
88 - 30 58
100%
89 - 31 58
100%
100 - 42 58
100%
9 - 3 6
100%
10 - 4 6
100%
22 - 16 6
100%
33 - 27 6
100%
34 - 28 6
100%
47 - 41 6
100%
60 - 54 6
100%
62 - 56 6
100%
72 - 66 6
100%
76 - 70 6
100%
93 - 87 6
100%
96 - 90 6
100%
63 - 3 60
100%
76 - 16 60
100%
63 - 2 61
100%
69 - 8 61
100%
76 - 15 61
100%
75 - 13 62
100%
76 - 14 62
100%
78 - 16 62
100%
90 - 28 62
100%
65 - 2 63
100%
68 - 5 63
100%
70 - 7 63
100%
71 - 8 63
100%
79 - 16 63
100%
91 - 27 64
100%
93 - 29 64
100%
98 - 34 64
100%
99 - 35 64
100%
85 - 20 65
100%
88 - 23 65
100%
90 - 25 65
100%
67 - 1 66
100%
75 - 8 67
100%
78 - 11 67
100%
81 - 14 67
100%
72 - 4 68
100%
83 - 15 68
100%
95 - 27 68
100%
75 - 6 69
100%
9 - 2 7
100%
12 - 5 7
100%
13 - 6 7
100%
15 - 8 7
100%
18 - 11 7
100%
26 - 19 7
100%
79 - 72 7
100%
91 - 84 7
100%
94 - 87 7
100%
83 - 13 70
100%
90 - 20 70
100%
91 - 21 70
100%
98 - 28 70
100%
73 - 2 71
100%
77 - 6 71
100%
80 - 9 71
100%
81 - 9 72
100%
83 - 11 72
100%
78 - 5 73
100%
93 - 20 73
100%
84 - 10 74
100%
87 - 13 74
100%
80 - 5 75
100%
85 - 10 75
100%
99 - 24 75
100%
94 - 18 76
100%
100 - 24 76
100%
84 - 7 77
100%
87 - 10 77
100%
88 - 11 77
100%
91 - 14 77
100%
93 - 16 77
100%
82 - 4 78
100%
84 - 6 78
100%
89 - 11 78
100%
98 - 20 78
100%
80 - 1 79
100%
92 - 13 79
100%
13 - 5 8
100%
23 - 15 8
100%
25 - 17 8
100%
29 - 21 8
100%
43 - 35 8
100%
48 - 40 8
100%
58 - 50 8
100%
60 - 52 8
100%
69 - 61 8
100%
76 - 68 8
100%
78 - 70 8
100%
90 - 82 8
100%
93 - 85 8
100%
95 - 87 8
100%
99 - 91 8
100%
84 - 4 80
100%
86 - 6 80
100%
100 - 20 80
100%
83 - 1 82
100%
98 - 16 82
100%
90 - 7 83
100%
98 - 15 83
100%
91 - 7 84
100%
92 - 8 84
100%
94 - 10 84
100%
89 - 4 85
100%
90 - 5 85
100%
93 - 8 85
100%
92 - 6 86
100%
95 - 9 86
100%
100 - 14 86
100%
93 - 6 87
100%
95 - 8 87
100%
89 - 1 88
100%
98 - 10 88
100%
92 - 3 89
100%
95 - 6 89
100%
97 - 8 89
100%
13 - 4 9
100%
15 - 6 9
100%
16 - 7 9
100%
21 - 12 9
100%
31 - 22 9
100%
33 - 24 9
100%
34 - 25 9
100%
44 - 35 9
100%
46 - 37 9
100%
70 - 61 9
100%
72 - 63 9
100%
76 - 67 9
100%
92 - 83 9
100%
99 - 9 90
100%
100 - 10 90
100%
94 - 2 92
100%
95 - 3 92
100%
97 - 4 93
100%
99 - 5 94
100%
100 - 5 95
100%
92 - 1 91
98%
64 - 63 1
97%
31 - 21 10
97%
39 - 29 10
97%
52 - 42 10
97%
87 - 77 10
97%
23 - 12 11
97%
16 - 4 12
97%
51 - 39 12
97%
73 - 61 12
97%
16 - 3 13
97%
35 - 22 13
97%
40 - 26 14
97%
49 - 35 14
97%
49 - 31 18
97%
51 - 33 18
97%
87 - 69 18
97%
44 - 25 19
97%
66 - 47 19
97%
53 - 51 2
97%
23 - 3 20
97%
36 - 16 20
97%
61 - 41 20
97%
63 - 43 20
97%
28 - 7 21
97%
41 - 20 21
97%
42 - 21 21
97%
52 - 31 21
97%
100 - 79 21
97%
35 - 12 23
97%
74 - 51 23
97%
99 - 75 24
97%
45 - 20 25
97%
31 - 5 26
97%
44 - 18 26
97%
38 - 11 27
97%
67 - 39 28
97%
58 - 29 29
97%
4 - 1 3
97%
6 - 3 3
97%
51 - 48 3
97%
65 - 35 30
97%
70 - 39 31
97%
73 - 42 31
97%
38 - 5 33
97%
64 - 30 34
97%
40 - 5 35
97%
41 - 3 38
97%
58 - 20 38
97%
100 - 62 38
97%
52 - 13 39
97%
99 - 60 39
97%
8 - 4 4
97%
12 - 8 4
97%
14 - 10 4
97%
49 - 45 4
97%
48 - 8 40
97%
88 - 46 42
97%
65 - 22 43
97%
90 - 47 43
97%
79 - 33 46
97%
96 - 50 46
97%
57 - 8 49
97%
25 - 20 5
97%
54 - 49 5
97%
62 - 10 52
97%
79 - 25 54
97%
62 - 7 55
97%
61 - 5 56
97%
71 - 12 59
97%
89 - 28 61
97%
99 - 31 68
97%
83 - 14 69
97%
98 - 29 69
97%
37 - 30 7
97%
80 - 3 77
97%
90 - 11 79
97%
15 - 7 8
97%
50 - 42 8
97%
67 - 59 8
97%
86 - 78 8
97%
98 - 90 8
97%
99 - 17 82
97%
93 - 10 83
97%
88 - 2 86
97%
27 - 18 9
97%
38 - 29 9
97%
66 - 57 9
97%
12 - 11 1
96%
19 - 18 1
96%
23 - 22 1
96%
26 - 25 1
96%
36 - 35 1
96%
55 - 54 1
96%
95 - 94 1
96%
17 - 7 10
96%
60 - 50 10
96%
83 - 73 10
96%
89 - 79 10
96%
15 - 4 11
96%
44 - 33 11
96%
57 - 46 11
96%
69 - 58 11
96%
94 - 83 11
96%
100 - 89 11
96%
21 - 9 12
96%
37 - 25 12
96%
46 - 34 12
96%
74 - 62 12
96%
77 - 65 12
96%
85 - 73 12
96%
87 - 75 12
96%
95 - 83 12
96%
19 - 6 13
96%
28 - 15 13
96%
38 - 25 13
96%
76 - 63 13
96%
17 - 3 14
96%
18 - 4 14
96%
52 - 38 14
96%
94 - 80 14
96%
31 - 16 15
96%
44 - 29 15
96%
91 - 76 15
96%
98 - 83 15
96%
100 - 85 15
96%
19 - 3 16
96%
24 - 8 16
96%
26 - 10 16
96%
27 - 11 16
96%
34 - 18 16
96%
51 - 35 16
96%
65 - 49 16
96%
100 - 84 16
96%
41 - 24 17
96%
62 - 45 17
96%
83 - 66 17
96%
45 - 27 18
96%
97 - 79 18
96%
46 - 27 19
96%
84 - 65 19
96%
33 - 31 2
96%
80 - 78 2
96%
29 - 9 20
96%
40 - 20 20
96%
46 - 26 20
96%
86 - 66 20
96%
44 - 23 21
96%
60 - 39 21
96%
87 - 66 21
96%
91 - 70 21
96%
26 - 4 22
96%
36 - 14 22
96%
43 - 21 22
96%
93 - 71 22
96%
42 - 19 23
96%
44 - 21 23
96%
46 - 23 23
96%
34 - 10 24
96%
73 - 49 24
96%
77 - 53 24
96%
89 - 65 24
96%
95 - 71 24
96%
34 - 9 25
96%
42 - 17 25
96%
55 - 30 25
96%
80 - 55 25
96%
82 - 57 25
96%
30 - 4 26
96%
43 - 17 26
96%
62 - 36 26
96%
67 - 41 26
96%
51 - 24 27
96%
40 - 12 28
96%
44 - 16 28
96%
49 - 21 28
96%
63 - 35 28
96%
98 - 70 28
96%
36 - 7 29
96%
5 - 2 3
96%
39 - 36 3
96%
61 - 58 3
96%
69 - 66 3
96%
94 - 91 3
96%
47 - 17 30
96%
48 - 18 30
96%
89 - 59 30
96%
36 - 5 31
96%
37 - 6 31
96%
41 - 10 31
96%
47 - 16 31
96%
59 - 28 31
96%
74 - 43 31
96%
91 - 60 31
96%
44 - 12 32
96%
57 - 25 32
96%
65 - 33 32
96%
68 - 36 32
96%
48 - 15 33
96%
67 - 34 33
96%
84 - 51 33
96%
86 - 53 33
96%
100 - 67 33
96%
38 - 4 34
96%
40 - 6 34
96%
48 - 14 34
96%
51 - 17 34
96%
62 - 28 34
96%
74 - 40 34
96%
77 - 43 34
96%
36 - 1 35
96%
63 - 28 35
96%
65 - 29 36
96%
86 - 50 36
96%
50 - 13 37
96%
75 - 38 37
96%
42 - 4 38
96%
44 - 6 38
96%
61 - 23 38
96%
64 - 26 38
96%
85 - 46 39
96%
7 - 3 4
96%
9 - 5 4
96%
11 - 7 4
96%
13 - 9 4
96%
23 - 19 4
96%
26 - 22 4
96%
38 - 34 4
96%
66 - 62 4
96%
88 - 84 4
96%
47 - 7 40
96%
81 - 41 40
96%
86 - 46 40
96%
96 - 56 40
96%
42 - 1 41
96%
80 - 39 41
96%
46 - 4 42
96%
54 - 12 42
96%
76 - 34 42
96%
44 - 1 43
96%
70 - 27 43
96%
73 - 30 43
96%
84 - 41 43
96%
95 - 52 43
96%
49 - 5 44
96%
50 - 6 44
96%
53 - 9 44
96%
58 - 14 44
96%
46 - 1 45
96%
54 - 9 45
96%
60 - 15 45
96%
88 - 43 45
96%
95 - 50 45
96%
64 - 17 47
96%
77 - 30 47
96%
90 - 43 47
96%
61 - 12 49
96%
62 - 13 49
96%
10 - 5 5
96%
20 - 15 5
96%
29 - 24 5
96%
58 - 53 5
96%
99 - 49 50
96%
55 - 4 51
96%
79 - 28 51
96%
89 - 38 51
96%
68 - 16 52
96%
89 - 37 52
96%
90 - 38 52
96%
58 - 5 53
96%
70 - 17 53
96%
78 - 25 53
96%
98 - 45 53
96%
59 - 4 55
96%
63 - 7 56
96%
77 - 21 56
96%
83 - 27 56
96%
88 - 32 56
96%
58 - 1 57
96%
68 - 11 57
96%
78 - 21 57
96%
87 - 30 57
96%
70 - 12 58
96%
67 - 8 59
96%
11 - 5 6
96%
13 - 7 6
96%
17 - 11 6
96%
49 - 43 6
96%
55 - 49 6
96%
62 - 2 60
96%
66 - 6 60
96%
91 - 31 60
96%
68 - 7 61
96%
75 - 14 61
96%
90 - 29 61
96%
71 - 9 62
96%
86 - 24 62
96%
72 - 9 63
96%
74 - 11 63
96%
94 - 31 63
96%
100 - 37 63
96%
68 - 4 64
96%
67 - 2 65
96%
89 - 24 65
96%
98 - 32 66
96%
77 - 10 67
96%
87 - 20 67
96%
73 - 4 69
96%
30 - 23 7
96%
100 - 93 7
96%
85 - 15 70
96%
86 - 16 70
96%
87 - 16 71
96%
97 - 26 71
96%
100 - 29 71
96%
82 - 10 72
96%
88 - 16 72
96%
82 - 8 74
96%
81 - 4 77
96%
97 - 20 77
96%
87 - 9 78
96%
88 - 10 78
96%
91 - 12 79
96%
95 - 16 79
96%
11 - 3 8
96%
35 - 27 8
96%
38 - 30 8
96%
42 - 34 8
96%
89 - 9 80
96%
88 - 6 82
96%
94 - 12 82
96%
87 - 3 84
96%
96 - 12 84
96%
97 - 13 84
96%
99 - 14 85
96%
98 - 12 86
96%
99 - 13 86
96%
99 - 10 89
96%
17 - 8 9
96%
20 - 11 9
96%
45 - 36 9
96%
49 - 40 9
96%
77 - 68 9
96%
96 - 3 93
96%
99 - 1 98
96%
7 - 6 1
95%
20 - 19 1
95%
81 - 80 1
95%
90 - 89 1
95%
42 - 32 10
95%
65 - 55 10
95%
14 - 3 11
95%
24 - 13 11
95%
26 - 15 11
95%
29 - 18 11
95%
54 - 43 11
95%
63 - 52 11
95%
61 - 49 12
95%
34 - 21 13
95%
78 - 65 13
95%
79 - 66 13
95%
86 - 73 13
95%
53 - 39 14
95%
70 - 56 14
95%
77 - 63 14
95%
18 - 3 15
95%
30 - 15 15
95%
54 - 39 15
95%
84 - 69 15
95%
93 - 78 15
95%
37 - 21 16
95%
44 - 28 16
95%
49 - 33 16
95%
48 - 31 17
95%
67 - 50 17
95%
74 - 57 17
95%
75 - 58 17
95%
84 - 67 17
95%
94 - 77 17
95%
95 - 78 17
95%
26 - 8 18
95%
43 - 25 18
95%
50 - 32 18
95%
93 - 75 18
95%
35 - 16 19
95%
70 - 51 19
95%
8 - 6 2
95%
65 - 63 2
95%
74 - 72 2
95%
85 - 83 2
95%
93 - 91 2
95%
24 - 4 20
95%
34 - 14 20
95%
56 - 36 20
95%
62 - 42 20
95%
79 - 59 20
95%
27 - 6 21
95%
32 - 11 21
95%
47 - 25 22
95%
67 - 45 22
95%
29 - 5 24
95%
58 - 34 24
95%
69 - 45 24
95%
98 - 74 24
95%
32 - 7 25
95%
37 - 12 25
95%
40 - 15 25
95%
84 - 59 25
95%
99 - 74 25
95%
34 - 8 26
95%
54 - 28 26
95%
74 - 48 26
95%
76 - 50 26
95%
43 - 16 27
95%
48 - 21 27
95%
68 - 41 27
95%
88 - 61 27
95%
75 - 47 28
95%
76 - 48 28
95%
41 - 12 29
95%
9 - 6 3
95%
15 - 12 3
95%
79 - 76 3
95%
96 - 93 3
95%
42 - 12 30
95%
71 - 41 30
95%
81 - 51 30
95%
96 - 66 30
95%
55 - 24 31
95%
85 - 54 31
95%
34 - 2 32
95%
51 - 19 32
95%
77 - 45 32
95%
60 - 27 33
95%
63 - 30 33
95%
73 - 40 33
95%
85 - 52 33
95%
56 - 22 34
95%
68 - 34 34
95%
85 - 51 34
95%
92 - 58 34
95%
82 - 47 35
95%
90 - 54 36
95%
98 - 62 36
95%
51 - 14 37
95%
56 - 19 37
95%
52 - 14 38
95%
60 - 22 38
95%
79 - 41 38
95%
94 - 56 38
95%
40 - 1 39
95%
48 - 9 39
95%
84 - 45 39
95%
86 - 47 39
95%
87 - 48 39
95%
19 - 15 4
95%
36 - 32 4
95%
51 - 47 4
95%
91 - 87 4
95%
70 - 30 40
95%
85 - 45 40
95%
92 - 52 40
95%
44 - 3 41
95%
75 - 34 41
95%
78 - 37 41
95%
83 - 41 42
95%
87 - 45 42
95%
60 - 17 43
95%
97 - 54 43
95%
67 - 22 45
95%
98 - 53 45
95%
49 - 3 46
95%
65 - 18 47
95%
69 - 21 48
95%
99 - 51 48
95%
70 - 21 49
95%
85 - 36 49
95%
87 - 38 49
95%
92 - 43 49
95%
8 - 3 5
95%
45 - 40 5
95%
47 - 42 5
95%
80 - 75 5
95%
89 - 84 5
95%
76 - 26 50
95%
72 - 21 51
95%
73 - 22 51
95%
84 - 33 51
95%
63 - 11 52
95%
83 - 31 52
95%
84 - 32 52
95%
83 - 29 54
95%
78 - 23 55
95%
86 - 29 57
95%
73 - 15 58
95%
89 - 30 59
95%
100 - 41 59
95%
12 - 6 6
95%
39 - 33 6
95%
41 - 35 6
95%
93 - 33 60
95%
65 - 4 61
95%
88 - 27 61
95%
93 - 32 61
95%
95 - 32 63
95%
86 - 20 66
95%
97 - 31 66
95%
80 - 13 67
95%
73 - 5 68
95%
92 - 23 69
95%
93 - 24 69
95%
16 - 9 7
95%
17 - 10 7
95%
32 - 25 7
95%
43 - 36 7
95%
45 - 38 7
95%
47 - 40 7
95%
62 - 55 7
95%
67 - 60 7
95%
88 - 81 7
95%
96 - 89 7
95%
84 - 14 70
95%
73 - 1 72
95%
79 - 7 72
95%
79 - 6 73
95%
95 - 22 73
95%
86 - 11 75
95%
83 - 7 76
95%
10 - 2 8
95%
53 - 45 8
95%
85 - 5 80
95%
94 - 5 89
95%
18 - 9 9
95%
25 - 16 9
95%
30 - 21 9
95%
35 - 26 9
95%
100 - 1 99
95%
89 - 88 1
94%
27 - 17 10
94%
38 - 28 10
94%
47 - 37 10
94%
34 - 23 11
94%
32 - 19 13
94%
48 - 35 13
94%
54 - 41 13
94%
33 - 18 15
94%
43 - 28 15
94%
65 - 50 15
94%
73 - 58 15
94%
90 - 75 15
94%
33 - 15 18
94%
76 - 58 18
94%
92 - 74 18
94%
38 - 19 19
94%
43 - 24 19
94%
72 - 53 19
94%
83 - 64 19
94%
26 - 24 2
94%
45 - 43 2
94%
59 - 57 2
94%
41 - 21 20
94%
34 - 13 21
94%
56 - 35 21
94%
64 - 43 21
94%
31 - 8 23
94%
47 - 24 23
94%
54 - 30 24
94%
74 - 50 24
94%
86 - 62 24
94%
33 - 8 25
94%
39 - 14 25
94%
67 - 42 25
94%
33 - 6 27
94%
46 - 19 27
94%
91 - 64 27
94%
39 - 11 28
94%
50 - 21 29
94%
84 - 55 29
94%
19 - 16 3
94%
60 - 57 3
94%
52 - 22 30
94%
78 - 48 30
94%
79 - 49 30
94%
38 - 7 31
94%
46 - 15 31
94%
62 - 31 31
94%
50 - 18 32
94%
44 - 9 35
94%
69 - 34 35
94%
43 - 6 37
94%
88 - 51 37
94%
66 - 28 38
94%
89 - 51 38
94%
30 - 26 4
94%
42 - 38 4
94%
67 - 27 40
94%
90 - 49 41
94%
52 - 10 42
94%
52 - 9 43
94%
76 - 33 43
94%
88 - 45 43
94%
66 - 20 46
94%
79 - 31 48
94%
82 - 33 49
94%
15 - 10 5
94%
17 - 12 5
94%
24 - 19 5
94%
54 - 3 51
94%
61 - 7 54
94%
94 - 40 54
94%
82 - 26 56
94%
95 - 39 56
94%
81 - 24 57
94%
81 - 23 58
94%
85 - 26 59
94%
20 - 14 6
94%
27 - 21 6
94%
80 - 20 60
94%
70 - 6 64
94%
75 - 10 65
94%
99 - 34 65
94%
100 - 32 68
94%
48 - 41 7
94%
76 - 6 70
94%
72 - 1 71
94%
85 - 13 72
94%
83 - 5 78
94%
86 - 8 78
94%
87 - 8 79
94%
94 - 15 79
94%
44 - 36 8
94%
49 - 41 8
94%
14 - 5 9
94%
96 - 5 91
94%
97 - 6 91
94%
38 - 37 1
93%
74 - 73 1
93%
13 - 3 10
93%
20 - 8 12
93%
25 - 13 12
93%
28 - 16 12
93%
91 - 79 12
93%
99 - 87 12
93%
29 - 16 13
93%
36 - 23 13
93%
50 - 37 13
93%
54 - 40 14
93%
67 - 53 14
93%
26 - 11 15
93%
63 - 48 15
93%
17 - 1 16
93%
55 - 39 16
93%
69 - 53 16
93%
71 - 55 16
93%
82 - 65 17
93%
23 - 5 18
93%
30 - 12 18
93%
42 - 23 19
93%
87 - 85 2
93%
65 - 45 20
93%
88 - 67 21
93%
31 - 9 22
93%
50 - 28 22
93%
90 - 68 22
93%
30 - 7 23
93%
40 - 17 23
93%
50 - 25 25
93%
58 - 33 25
93%
36 - 10 26
93%
39 - 12 27
93%
59 - 32 27
93%
70 - 43 27
93%
45 - 17 28
93%
30 - 1 29
93%
42 - 13 29
93%
44 - 15 29
93%
27 - 24 3
93%
29 - 26 3
93%
34 - 31 3
93%
41 - 38 3
93%
35 - 3 32
93%
93 - 61 32
93%
46 - 13 33
93%
89 - 55 34
93%
78 - 43 35
93%
42 - 6 36
93%
84 - 48 36
93%
97 - 60 37
93%
43 - 5 38
93%
67 - 29 38
93%
74 - 35 39
93%
83 - 44 39
93%
31 - 27 4
93%
37 - 33 4
93%
48 - 44 4
93%
52 - 48 4
93%
76 - 72 4
93%
99 - 59 40
93%
89 - 48 41
93%
75 - 32 43
93%
82 - 38 44
93%
48 - 3 45
93%
55 - 10 45
93%
86 - 41 45
93%
53 - 7 46
93%
71 - 22 49
93%
81 - 30 51
93%
97 - 46 51
93%
58 - 6 52
93%
83 - 30 53
93%
76 - 21 55
93%
72 - 16 56
93%
73 - 17 56
93%
97 - 39 58
93%
8 - 2 6
93%
19 - 13 6
93%
94 - 34 60
93%
76 - 8 68
93%
28 - 21 7
93%
56 - 49 7
93%
61 - 54 7
93%
81 - 8 73
93%
95 - 17 78
93%
81 - 2 79
93%
40 - 32 8
93%
96 - 16 80
93%
41 - 32 9
93%
98 - 5 93
93%
27 - 26 1
92%
50 - 49 1
92%
45 - 35 10
92%
76 - 66 10
92%
52 - 41 11
92%
15 - 2 13
92%
68 - 55 13
92%
82 - 69 13
92%
92 - 79 13
92%
39 - 24 15
92%
59 - 43 16
92%
25 - 7 18
92%
85 - 67 18
92%
88 - 70 18
92%
29 - 10 19
92%
55 - 36 19
92%
12 - 10 2
92%
16 - 14 2
92%
35 - 14 21
92%
37 - 16 21
92%
97 - 76 21
92%
52 - 30 22
92%
63 - 41 22
92%
82 - 60 22
92%
61 - 38 23
92%
97 - 73 24
92%
41 - 16 25
92%
47 - 22 25
92%
52 - 27 25
92%
42 - 16 26
92%
63 - 37 26
92%
61 - 34 27
92%
68 - 39 29
92%
72 - 43 29
92%
10 - 7 3
92%
20 - 17 3
92%
53 - 23 30
92%
43 - 12 31
92%
57 - 26 31
92%
80 - 49 31
92%
94 - 63 31
92%
53 - 18 35
92%
65 - 28 37
92%
59 - 21 38
92%
72 - 34 38
92%
78 - 39 39
92%
44 - 4 40
92%
63 - 22 41
92%
100 - 57 43
92%
57 - 13 44
92%
61 - 17 44
92%
99 - 53 46
92%
65 - 17 48
92%
70 - 22 48
92%
83 - 35 48
92%
92 - 44 48
92%
58 - 9 49
92%
66 - 17 49
92%
78 - 28 50
92%
98 - 48 50
92%
65 - 13 52
92%
60 - 6 54
92%
98 - 42 56
92%
98 - 41 57
92%
64 - 5 59
92%
72 - 13 59
92%
82 - 76 6
92%
67 - 4 63
92%
69 - 5 64
92%
95 - 31 64
92%
88 - 20 68
92%
82 - 13 69
92%
31 - 24 7
92%
63 - 56 7
92%
68 - 61 7
92%
74 - 4 70
92%
96 - 26 70
92%
86 - 15 71
92%
19 - 11 8
92%
96 - 10 86
92%
28 - 19 9
92%
37 - 28 9
92%
73 - 64 9
92%
83 - 74 9
92%
84 - 75 9
92%
100 - 91 9
92%
56 - 55 1
91%
32 - 22 10
91%
44 - 34 10
91%
49 - 37 12
91%
46 - 33 13
91%
61 - 47 14
91%
41 - 26 15
91%
18 - 1 17
91%
42 - 25 17
91%
43 - 26 17
91%
80 - 63 17
91%
89 - 70 19
91%
27 - 25 2
91%
37 - 17 20
91%
85 - 64 21
91%
35 - 13 22
91%
59 - 37 22
91%
74 - 52 22
91%
48 - 24 24
91%
60 - 36 24
91%
36 - 11 25
91%
49 - 24 25
91%
87 - 62 25
91%
35 - 9 26
91%
80 - 54 26
91%
87 - 61 26
91%
83 - 55 28
91%
8 - 5 3
91%
18 - 15 3
91%
53 - 50 3
91%
90 - 87 3
91%
83 - 53 30
91%
97 - 66 31
91%
55 - 23 32
91%
42 - 9 33
91%
49 - 16 33
91%
92 - 59 33
91%
88 - 54 34
91%
45 - 10 35
91%
64 - 29 35
91%
81 - 45 36
91%
79 - 42 37
91%
85 - 48 37
91%
91 - 53 38
91%
82 - 43 39
91%
51 - 11 40
91%
61 - 18 43
91%
67 - 23 44
91%
86 - 42 44
91%
76 - 31 45
91%
97 - 51 46
91%
81 - 34 47
91%
84 - 37 47
91%
95 - 48 47
91%
86 - 37 49
91%
6 - 1 5
91%
87 - 82 5
91%
91 - 86 5
91%
89 - 39 50
91%
82 - 31 51
91%
85 - 34 51
91%
57 - 4 53
91%
96 - 42 54
91%
89 - 34 55
91%
91 - 35 56
91%
82 - 24 58
91%
83 - 24 59
91%
96 - 37 59
91%
71 - 65 6
91%
83 - 77 6
91%
84 - 24 60
91%
97 - 36 61
91%
84 - 22 62
91%
87 - 25 62
91%
64 - 1 63
91%
73 - 10 63
91%
67 - 3 64
91%
84 - 20 64
91%
86 - 22 64
91%
95 - 30 65
91%
77 - 11 66
91%
72 - 3 69
91%
78 - 9 69
91%
39 - 32 7
91%
95 - 88 7
91%
89 - 19 70
91%
94 - 21 73
91%
77 - 2 75
91%
88 - 13 75
91%
92 - 14 78
91%
97 - 18 79
91%
27 - 19 8
91%
74 - 66 8
91%
75 - 66 9
91%
72 - 61 11
90%
17 - 5 12
90%
18 - 6 12
90%
30 - 18 12
90%
39 - 27 12
90%
44 - 32 12
90%
31 - 18 13
90%
45 - 32 13
90%
97 - 84 13
90%
42 - 28 14
90%
62 - 48 14
90%
64 - 50 14
90%
96 - 82 14
90%
72 - 57 15
90%
36 - 20 16
90%
38 - 22 16
90%
47 - 31 16
90%
58 - 42 16
90%
32 - 15 17
90%
24 - 6 18
90%
46 - 28 18
90%
60 - 42 18
90%
71 - 53 18
90%
81 - 63 18
90%
96 - 77 19
90%
58 - 38 20
90%
32 - 10 22
90%
38 - 16 22
90%
42 - 20 22
90%
69 - 46 23
90%
71 - 48 23
90%
51 - 26 25
90%
64 - 39 25
90%
38 - 12 26
90%
66 - 40 26
90%
73 - 47 26
90%
93 - 66 27
90%
99 - 72 27
90%
37 - 9 28
90%
88 - 60 28
90%
34 - 5 29
90%
54 - 25 29
90%
69 - 38 31
90%
82 - 51 31
90%
72 - 40 32
90%
77 - 44 33
90%
91 - 58 33
90%
48 - 13 35
90%
60 - 25 35
90%
71 - 36 35
90%
83 - 48 35
90%
93 - 58 35
90%
94 - 58 36
90%
70 - 32 38
90%
71 - 33 38
90%
66 - 27 39
90%
43 - 39 4
90%
73 - 33 40
90%
43 - 2 41
90%
70 - 29 41
90%
91 - 49 42
90%
93 - 51 42
90%
77 - 33 44
90%
85 - 41 44
90%
83 - 38 45
90%
59 - 13 46
90%
68 - 21 47
90%
72 - 23 49
90%
100 - 51 49
90%
92 - 87 5
90%
59 - 9 50
90%
83 - 32 51
90%
100 - 48 52
90%
74 - 21 53
90%
96 - 41 55
90%
89 - 33 56
90%
92 - 34 58
90%
99 - 40 59
90%
32 - 26 6
90%
48 - 42 6
90%
50 - 44 6
90%
59 - 53 6
90%
75 - 15 60
90%
80 - 17 63
90%
71 - 5 66
90%
92 - 26 66
90%
76 - 9 67
90%
94 - 26 68
90%
21 - 14 7
90%
42 - 35 7
90%
57 - 50 7
90%
80 - 73 7
90%
80 - 7 73
90%
90 - 15 75
90%
36 - 28 8
90%
97 - 89 8
90%
26 - 17 9
90%
68 - 59 9
90%
82 - 73 9
90%
43 - 32 11
89%
96 - 85 11
89%
81 - 68 13
89%
25 - 10 15
89%
94 - 79 15
89%
56 - 40 16
89%
61 - 45 16
89%
49 - 32 17
89%
55 - 38 17
89%
77 - 60 17
89%
98 - 79 19
89%
47 - 27 20
89%
33 - 11 22
89%
85 - 63 22
89%
79 - 56 23
89%
43 - 18 25
89%
92 - 67 25
89%
90 - 62 28
89%
93 - 65 28
89%
16 - 13 3
89%
56 - 26 30
89%
40 - 8 32
89%
96 - 63 33
89%
46 - 12 34
89%
55 - 21 34
89%
52 - 17 35
89%
77 - 42 35
89%
99 - 62 37
89%
54 - 16 38
89%
41 - 2 39
89%
42 - 3 39
89%
58 - 19 39
89%
62 - 23 39
89%
77 - 38 39
89%
55 - 51 4
89%
68 - 27 41
89%
66 - 24 42
89%
72 - 25 47
89%
75 - 28 47
89%
52 - 47 5
89%
92 - 40 52
89%
69 - 15 54
89%
94 - 39 55
89%
74 - 15 59
89%
98 - 36 62
89%
87 - 23 64
89%
83 - 17 66
89%
71 - 3 68
89%
79 - 11 68
89%
97 - 28 69
89%
14 - 7 7
89%
97 - 27 70
89%
99 - 28 71
89%
91 - 19 72
89%
98 - 25 73
89%
89 - 15 74
89%
92 - 18 74
89%
22 - 14 8
89%
24 - 16 8
89%
62 - 53 9
89%
85 - 76 9
89%
3 - 2 1
88%
31 - 30 1
88%
43 - 42 1
88%
22 - 9 13
88%
33 - 19 14
88%
60 - 46 14
88%
98 - 81 17
88%
86 - 68 18
88%
32 - 13 19
88%
81 - 62 19
88%
35 - 33 2
88%
40 - 38 2
88%
44 - 42 2
88%
92 - 90 2
88%
76 - 55 21
88%
55 - 33 22
88%
58 - 31 27
88%
31 - 2 29
88%
53 - 24 29
88%
82 - 53 29
88%
7 - 4 3
88%
72 - 69 3
88%
72 - 39 33
88%
98 - 65 33
88%
72 - 37 35
88%
95 - 59 36
88%
73 - 36 37
88%
76 - 39 37
88%
32 - 28 4
88%
100 - 59 41
88%
91 - 45 46
88%
49 - 1 48
88%
96 - 47 49
88%
44 - 39 5
88%
73 - 68 5
88%
79 - 27 52
88%
80 - 27 53
88%
88 - 34 54
88%
90 - 31 59
88%
45 - 39 6
88%
46 - 40 6
88%
95 - 89 6
88%
83 - 23 60
88%
96 - 33 63
88%
82 - 18 64
88%
91 - 23 68
88%
52 - 45 7
88%
71 - 64 7
88%
92 - 17 75
88%
81 - 3 78
88%
97 - 19 78
88%
96 - 17 79
88%
51 - 43 8
88%
87 - 79 8
88%
100 - 19 81
88%
91 - 6 85
88%
12 - 3 9
88%
74 - 65 9
88%
97 - 5 92
88%
39 - 38 1
87%
76 - 65 11
87%
76 - 64 12
87%
35 - 19 16
87%
89 - 73 16
87%
56 - 39 17
87%
73 - 54 19
87%
25 - 5 20
87%
49 - 28 21
87%
49 - 26 23
87%
53 - 29 24
87%
56 - 30 26
87%
47 - 20 27
87%
96 - 68 28
87%
97 - 69 28
87%
58 - 25 33
87%
47 - 10 37
87%
45 - 4 41
87%
95 - 54 41
87%
79 - 36 43
87%
83 - 37 46
87%
53 - 5 48
87%
90 - 85 5
87%
84 - 26 58
87%
65 - 58 7
87%
100 - 18 82
87%
40 - 39 1
86%
64 - 53 11
86%
27 - 14 13
86%
57 - 41 16
86%
79 - 63 16
86%
80 - 64 16
86%
83 - 67 16
86%
53 - 36 17
86%
59 - 40 19
86%
84 - 63 21
86%
51 - 28 23
86%
72 - 48 24
86%
83 - 59 24
86%
65 - 38 27
86%
94 - 67 27
86%
71 - 43 28
86%
37 - 34 3
86%
74 - 44 30
86%
54 - 23 31
86%
95 - 64 31
86%
87 - 53 34
86%
86 - 82 4
86%
63 - 16 47
86%
93 - 43 50
86%
64 - 12 52
86%
71 - 18 53
86%
100 - 46 54
86%
66 - 11 55
86%
69 - 10 59
86%
77 - 16 61
86%
74 - 9 65
86%
96 - 28 68
86%
97 - 24 73
86%
96 - 21 75
86%
81 - 72 9
86%
18 - 7 11
85%
69 - 57 12
85%
17 - 15 2
85%
46 - 22 24
85%
89 - 62 27
85%
95 - 67 28
85%
59 - 29 30
85%
43 - 9 34
85%
57 - 17 40
85%
81 - 35 46
85%
67 - 19 48
85%
77 - 29 48
85%
82 - 34 48
85%
75 - 19 56
85%
21 - 15 6
85%
85 - 23 62
85%
93 - 15 78
85%
45 - 37 8
85%
95 - 76 19
84%
85 - 58 27
84%
93 - 59 34
84%
81 - 37 44
84%
93 - 47 46
84%
62 - 9 53
84%
95 - 36 59
84%
83 - 18 65
84%
84 - 15 69
84%
75 - 63 12
83%
52 - 39 13
83%
94 - 72 22
83%
96 - 73 23
83%
59 - 35 24
83%
86 - 61 25
83%
77 - 49 28
83%
92 - 57 35
83%
90 - 53 37
83%
71 - 67 4
83%
97 - 57 40
83%
99 - 44 55
83%
79 - 21 58
83%
81 - 18 63
83%
99 - 20 79
83%
96 - 81 15
82%
82 - 55 27
82%
86 - 51 35
82%
77 - 36 41
82%
24 - 15 9
82%
32 - 14 18
81%
54 - 29 25
81%
49 - 18 31
81%
63 - 17 46
81%
73 - 27 46
81%
82 - 23 59
81%
80 - 69 11
80%
62 - 38 24
80%
66 - 39 27
80%
68 - 29 39
80%
74 - 19 55
80%
54 - 37 17
79%
80 - 62 18
79%
87 - 35 52
79%
92 - 35 57
79%
88 - 25 63
79%
28 - 4 24
78%
46 - 30 16
77%
88 - 65 23
77%
63 - 26 37
77%
94 - 52 42
77%
95 - 11 84
77%
54 - 45 9
77%
47 - 29 18
76%
43 - 14 29
76%
93 - 38 55
76%
91 - 69 22
75%
92 - 49 43
75%
92 - 29 63
75%
94 - 59 35
73%
64 - 58 6
72%
70 - 19 51
71%
61 - 28 33
68%
Nie znaleziono quizów pasujących do podanych kryteriów
Rozkład punktacji
Procent ludzi z każdym wynikiem
Percentyl według liczby udzielonych odpowiedzi
Twoja historia wyników
Nie rozwiązałeś tego quizu